All Car Manufacturers in Real Racing 3 Quiz - Statistics

General Stats
  • This quiz has been taken 53 times
  • The average score is 28 of 44
Answer Stats
Hint Answer % Correct
Japan Toyota
95%
Italy Ferrari
93%
United States Ford
85%
Japan Nissan
85%
Germany Audi
83%
Germany Porsche
83%
Germany BMW
80%
Japan Honda
80%
Italy Lamborghini
80%
Italy Alfa-Romeo
78%
United States Chevrolet
78%
South Korea Hyundai
78%
Germany Mercedes-Benz
78%
Japan Acura
73%
France Bugatti
73%
Japan Mazda
73%
France Renault
73%
United Kingdom Aston Martin
70%
Sweden Koenigsegg
70%
United Kingdom McLAREN
70%
Germany Volkswagen
70%
United States Dodge
68%
Australia Holden
68%
Austria KTM
65%
Italy Pagani
65%
United Kingdom Jaguar
63%
United Kingdom Bentley
60%
Japan Mitsubishi
60%
Japan Subaru
58%
Japan Lexus
55%
Italy Maserati
55%
United States Cadillac
53%
France Formula E
53%
Italy Lancia
53%
United Kingdom Lotus
50%
N/A Formula 1
45%
United Kingdom Ariel
43%
Australia Brabham
43%
United States Shelby
43%
Italy Spada
40%
United Kingdom Caterham
38%
United States Hennessey
38%
Germany Apollo
33%
United States SRT
33%
No matching quizzes found
Score Distribution
Percent of People with Each Score
Percentile by Number Answered
Your Score History
You have not taken this quiz